[Event "Challenge"]
[Site "http://www.queenalice.com/game.php?id=1158206"]
[Date "2013.3.5"]
[Round "-"]
[White "JCOELHO"]
[Black "DNRW405"]
[Result "0-1"]
[WhiteElo "2119"]
[BlackElo "2160"]

1. e4 e6 2. d4 c5 3. d5 d6 4. Nc3 a6 5. Nf3 Nf6 6. Bc4 b5 7. e5 exd5 8. Bxd5
Nxd5 9. Qxd5 Ra7 10. Be3 Be6 11. Qe4 d5 12. Qh4 Qxh4 13. Nxh4 d4 14. Ne4 dxe3
15. fxe3 Be7 16. Nf3 Nc6 17. a4 O-O 18. O-O-O h6 19. h4 Bg4 20. h5 Bxf3 21. gxf3
Nxe5 22. a5 Nxf3 23. Rh3 Ng5 24. Nxg5 Bxg5 25. Rd5 c4 26. Kb1 Re8 27. c3 Bxe3
28. b4 Bg5 29. Kc2 Re2+ 30. Kd1 Rae7 31. Rh1 Ra2 32. Rd6 Ra1+ 33. Kc2 Re2+ 34.
Rd2 Rxd2# 0-1

[Event "Challenge"]
[Site "http://www.queenalice.com/game.php?id=1158207"]
[Date "2013.3.5"]
[Round "-"]
[White "DNRW405"]
[Black "JCOELHO"]
[Result "1-0"]
[WhiteElo "2144"]
[BlackElo "2119"]

1. d4 d5 2. Nc3 Nf6 3. Bf4 a6 4. Nf3 Nc6 5. h3 g6 6. e3 Bf5 7. Bd3 Bg7 8. O-O
O-O 9. a3 b5 10. b4 a5 11. Bxb5 Na7 12. Bd3 Bxd3 13. Qxd3 Nc6 14. Rab1 axb4 15.
axb4 Qb8 16. b5 Na7 17. Ne5 e6 18. b6 Rc8 19. b7 c5 20. bxc8=Q+ Qxc8 21. Nb5
cxd4 22. Nxd4 Ne4 23. Ng4 Nc5 24. Qc3 Nc6 25. Qxc5 Bxd4 26. exd4 f5 27. Ne5 Ra5
28. Qxc6 Qd8 29. Qxe6+ Kh8 30. Nf7+ Kg7 31. Nxd8 Ra7 32. Rb8 Ra4 33. Qf7+ Kh8
34. Ne6# 1-0

[Event "Challenge"]
[Site "http://www.queenalice.com/game.php?id=1341571"]
[Date "2015.2.14"]
[Round "-"]
[White "JCOELHO"]
[Black "Bira47"]
[Result "0-1"]
[WhiteElo "2142"]
[BlackElo "2131"]

1. e4 c5 2. d4 cxd4 3. Qxd4 Nc6 4. Qa4 Qa5+ 5. Qxa5 Nxa5 6. Nc3 a6 7. Nf3 d6 8.
Bf4 e5 9. Bg3 Nf6 10. O-O-O Be7 11. Be2 O-O 12. b3 b5 13. h4 h6 14. h5 Bb7 15.
Nh4 Nxe4 16. Nxe4 Bxe4 17. f3 Bh7 18. Bd3 Bxd3 19. Rxd3 Rac8 20. Nf5 Nc6 21.
Nxd6 Bxd6 22. Rxd6 Rfd8 23. Rxd8+ Rxd8 24. Re1 f6 25. f4 Rd5 26. fxe5 Nxe5 27.
c4 bxc4 28. b4 Nd3+ 29. Kd1 Nxe1+ 30. Kxe1 Rxh5 31. a4 Rh1+ 32. Kf2 Ra1 33. a5
c3 34. Ke2 c2 35. Bf4 c1=Q 36. Bxc1 Rxc1 37. Kd2 Rg1 38. Kc3 Rxg2 39. Kc4 Rg5
40. Kb3 h5 41. Kc3 h4 42. Kd4 h3 43. Ke4 h2 44. Kf4 h1=Q 45. b5 Qh4+ 46. Kf3
Rg3+ 47. Ke2 Qh2+ 48. Kf1 Rg1# 0-1

[Event "Challenge"]
[Site "http://www.queenalice.com/game.php?id=1341572"]
[Date "2015.2.14"]
[Round "-"]
[White "Bira47"]
[Black "JCOELHO"]
[Result "1-0"]
[WhiteElo "2080"]
[BlackElo "2142"]

1. c4 d5 2. g3 Nf6 3. Bg2 Bf5 4. d3 dxc4 5. Bxb7 Na6 6. Bxa8 Qxa8 7. f3 cxd3 8.
Qa4+ Bd7 9. Qxa6 Bc6 10. Qxd3 g6 11. Nc3 Bg7 12. Bg5 O-O 13. Bxf6 Bxf6 14. O-O-O
e5 15. e4 a5 16. Nh3 Rd8 17. Qc2 Rb8 18. Nd5 Bxd5 19. Rxd5 a4 20. Rhd1 c6 21.
Rc5 Be7 22. Rxc6 a3 23. b3 h5 24. Rd3 h4 25. Qc4 Qa5 26. Rc8+ Rxc8 27. Qxc8+ Kg7
28. Rd1 hxg3 29. hxg3 Qb6 30. Qc3 Qb5 31. Qc4 Qb6 32. Qc3 Kh6 33. Qd2+ g5 34. g4
Bc5 35. Qxg5+ Kh7 36. Qf5+ Kg7 37. Qxe5+ f6 38. Rd7+ Kg6 39. Qf5+ Kh6 40. Rh7#
1-0